000 00614nam a2200205Ia 4500
005 20260429112151.0
008 260429s9999||||xx |||||||||||||| ||und||
020 _a9781009502658
041 _aEnglish
082 _a780.954
_bSCH
100 _aSchofield, Katherine Butler
245 0 _aMusic and musicians in late Mughal India :
_bhistories of the ephemeral, 1748-1858 /
_cKatherine Butler Schofield
250 _a1st ed.
260 _aNew Delhi :
_bCambridge University Press,
_c2024.
300 _axxv, 315 p.; pbk
650 _a Mughal India
650 _a Musicians
650 _aMusic
942 _cTB
999 _c52689
_d52689